|
|
|
|
| LEADER |
01118cam a2200277 7i4500 |
| 001 |
0000009436 |
| 005 |
20250624090000.0 |
| 020 |
|
|
|a 9789678908221
|
| 020 |
|
|
|a 9678909790 (pbk.)
|
| 020 |
|
|
|a 9678908220 (pbk.)
|
| 090 |
0 |
0 |
|a KPG999.P171
|b A46 1999
|
| 110 |
1 |
|
|a Malaysia
|
| 240 |
1 |
0 |
|a Akta Lembaga Minyak Sawit Malaysia 1998
|
| 245 |
1 |
0 |
|a Akta Lembaga Minyak Sawit Malaysia 1998 (Akta 582) & = Malaysian Palm Oil Board Act 1998 (Act 582)
|c disusun oleh: Lembaga Penyelidikan Undang-Undang.
|
| 246 |
3 |
|
|a Malaysian Palm Oil Board Act 1998 (Act 582).
|
| 260 |
|
|
|a Petaling Jaya, Selangor:
|b International Law Book Services,
|c 1999-.
|
| 300 |
|
|
|a 123 p.;
|c 24 cm.
|
| 490 |
0 |
|
|a Undang-undang Malaysia
|
| 500 |
|
|
|a Library has : Hingga 1hb Januari 1999
|
| 650 |
0 |
0 |
|a Palm oil --
|z Malaysia
|
| 710 |
2 |
|
|a Lembaga Penyelidikan Undang-Undang
|
| 997 |
|
|
|a Health Sciences, Faculty
|
| 999 |
|
|
|a 0000011785
|b BOK
|c ACTS
|e Ground Floor, Bestari Jaya
|
| 999 |
|
|
|a 0000040162
|b BOK
|c ACTS
|e 2nd Floor, Shah Alam
|
| 999 |
|
|
|a 0000040163
|b BOK
|c ACTS
|e 2nd Floor, Shah Alam
|
| 999 |
|
|
|a 0000040164
|b BOK
|c ACTS
|e 2nd Floor, Shah Alam
|